[Event "Airthings Masters MCCT Prel 2022"]
[Site "Online"]
[Date "2022.02.13"]
[Round "10.3"]
[White "Giri, Anish"]
[Black "Ding, Liren"]
[Result "1-0"]
[WhiteElo "2772"]
[BlackElo "2799"]
[Annotator "TA"]
[PlyCount "45"]
[EventDate "2022.02.18"]
[EventType "tourn"]
[EventCountry "NET"]
[SourceTitle "playchess.com"]
[Source "ChessBase"]
[SourceQuality "1"]

{[%evp 10,45,0,-6,-6,13,4,17,0,0,5,0,7,-2,6,7,26,13,15,0,61,68,77,83,77,85,84,
69,76,87,108,77,109,59,177,172,171,169]} 1. Nf3 d5 2. g3 g6 3. Bg2 Bg7 4. O-O
e5 5. d3 Nc6 6. e4 dxe4 {A07: Réti Opening: New York and Capablanca Systems.}
7. dxe4 Qxd1 8. Rxd1 Bg4 {The position is equal.} 9. c3 {Inhibits Nd4.} Nf6 10.
Nbd2 $5 {[%cal Bb1d2,Bd2c4,Bc4b2][%mdl 4] [#] Exploring less charted territory.
} O-O $146 ({Predecessor:} 10... O-O-O 11. Re1 Bh6 12. Nc4 Bxc1 13. Raxc1 Bxf3
14. Bxf3 Ne8 15. Rcd1 Nd6 16. Bg4+ Kb8 17. Nxd6 Rxd6 18. Rxd6 cxd6 {1-0 (34)
Giri,A (2772)-Shankland,S (2708) Wijk aan Zee 2022}) 11. Re1 Rad8 12. Nc4 Rfe8
13. h3 Bc8 14. b4 b5 ({Better is} 14... Rd3 $11) 15. Nb2 $1 $14 a5 {[#]} 16. a4
$1 {[%cal Ba2a4,Ba4b5,Bb5c6][%mdl 32]} axb4 17. axb5 bxc3 18. bxc6 {And now
Na4 would win.} cxb2 19. Bxb2 Rd6 20. Nxe5 ({But not} 20. Bxe5 $6 Rxc6 21. Nd4
Rc3 $11) 20... Nh5 {[#]} 21. Ra8 $1 {White is more active.} Bd7 (21... Rde6 22.
Rb1) 22. Rea1 $18 ({And not} 22. cxd7 Rxa8 23. Nxf7 Rxd7 $15) 22... Bc8 {[#]}
23. R1a7 $1 {Weighted Error Value: White=0.06 (flawless) /Black=0.18 (very
precise)} 1-0

[Event "Airthings Masters MCCT Prel 2022"]
[Site "Online"]
[Date "2022.02.13"]
[Round "10.4"]
[White "Carlsen, Magnus"]
[Black "Hansen, Eric"]
[Result "0-1"]
[WhiteElo "2865"]
[BlackElo "2606"]
[Annotator "TA"]
[PlyCount "65"]
[EventDate "2022.02.18"]
[EventType "tourn"]
[EventCountry "NET"]
[SourceTitle "playchess.com"]
[Source "ChessBase"]
[SourceQuality "1"]

{[%evp 35,65,38,35,18,23,20,26,-7,0,-14,-2,-20,-15,-33,-8,-42,-4,-8,0,19,10,0,
28,25,18,-132,-137,-119,-107,-252,-100,-527]} 1. e4 e5 2. Nf3 Nc6 3. Bb5 a6 4.
Ba4 Nf6 5. O-O Be7 6. Re1 b5 7. Bb3 d6 8. c3 O-O 9. h3 Na5 10. Bc2 c5 11. d4
Qc7 12. Nbd2 cxd4 13. cxd4 Nc6 14. Nb3 a5 {[%cal Ba6a5,Ba5a4][%mdl 32]} 15. Be3
a4 16. Nbd2 Nb4 17. Bb1 Bd7 18. a3 Nc6 19. Qe2 {C99: Closed Ruy Lopez:
Chigorin Defence: 11 d4 Qc7 12 Nbd2 cxd4.} Qb7 20. Bd3 Rab8 21. Rec1 {[#]
White has an edge.} exd4 $146 ({Predecessor:} 21... Rfc8 22. Rc2 exd4 23. Bxd4
Nxd4 24. Nxd4 Rxc2 25. Bxc2 Re8 26. Bd3 b4 27. axb4 Qxb4 {½-½ (40) Theissen,
R-Wengenroth,L Koblenz 1992}) 22. Nxd4 Ne5 $1 23. Bc2 Rfe8 24. Re1 h6 25. Rad1
Bf8 26. Bb1 b4 27. f4 Ng6 28. Bd3 bxa3 29. bxa3 Qb2 {[%cal Og6f4]} 30. Rb1 {[#]
} (30. Nc2 $11) 30... Nxf4 $1 $17 {[%mdl 512]} 31. Qf1 Qc3 {Black is much more
active.} 32. Bb5 {[#]} (32. Rxb8 $17 {was worth a try.} Rxb8 33. Bxf4 Qxd4+ 34.
Be3) 32... Ng6 $2 (32... N4d5 $1 $19 {[%cal Rd5e3][%mdl 512]} 33. Bf2 Qxd2) 33.
Bxa4 $2 {[%mdl 8192] Weighted Error Value: White=0.37/Black=0.17 (very precise)
} 0-1

[Event "Airthings Masters MCCT Prel 2022"]
[Site "Online"]
[Date "2022.02.13"]
[Round "10.5"]
[White "Abdusattorov, Nodirbek"]
[Black "Le, Quang Liem"]
[Result "1-0"]
[WhiteElo "2651"]
[BlackElo "2709"]
[Annotator "TA"]
[PlyCount "127"]
[EventDate "2022.02.18"]
[EventType "tourn"]
[EventCountry "NET"]
[SourceTitle "playchess.com"]
[Source "ChessBase"]
[SourceQuality "1"]

{[%evp 9,127,31,24,25,35,17,17,20,16,20,22,17,86,83,108,99,103,111,106,121,100,
74,130,130,139,118,102,109,131,141,144,127,129,132,161,137,145,176,201,195,221,
220,228,232,244,204,262,243,349,235,310,308,306,301,302,303,294,252,252,241,
237,227,237,236,246,239,274,274,274,274,292,292,292,292,292,292,318,318,299,
242,325,310,370,362,471,466,448,304,12829,12830,12831,12831,12832,12831,12831,
12831,12833,12833,12838,12839,12839,12839,12840,12840,12841,12841,12841,12842,
12842,12843,12843,12843,12843,12844,12844,12843,12847,12847,12848,12848]} 1. c4
e6 2. Nc3 d5 3. d4 a6 4. cxd5 exd5 5. Nf3 Nf6 6. Bg5 {D37: Queen's Gambit
Declined: 5 Bf4.} Be6 7. Qb3 {next Bxf6 is good for White.} Nbd7 8. e3 {
The position is equal.} b5 9. Qc2 {[#]} Be7 $146 ({Predecessor:} 9... h6 10.
Bh4 Be7 11. Bd3 O-O 12. O-O Rc8 13. a4 c6 14. axb5 cxb5 15. Qb3 Qb6 {0-1 (46)
Sarana,A (2636)-Maghsoodloo,P (2671) Chess.com INT 2019}) 10. Bd3 Rc8 {[#]} (
10... c5 $11) 11. a4 $1 $16 b4 12. Ne2 {White is more active.} (12. Bxa6 $6
bxc3 13. Bxc8 Qxc8 $11) 12... c5 13. Bxf6 (13. Bxa6 $2 b3 14. Qc3 Ne4 15. Bxc8
(15. Bxe7 $2 Kxe7 16. Bxc8 Nxc3 $19) 15... Nxc3 16. Bxd7+ Qxd7 $17) 13... Bxf6
14. Bxa6 Rc7 15. dxc5 (15. Bb5 $6 cxd4 16. Qd2 dxe3 17. fxe3 O-O $11) 15... O-O
(15... Rxc5 $142 16. Qd2 Qa5) 16. c6 b3 17. Qd2 ({Resist} 17. Qc1 Nb8 18. Bb7
Bg4 $16) 17... Rxc6 18. Bd3 Nc5 19. Nfd4 {[%cal Bf3d4,Bd4e2,Be2f4,Bf4d3,Bd3e5]
[%mdl 32]} Nxd3+ 20. Qxd3 Rc4 21. O-O ({Much weaker is} 21. Qxb3 $6 Qa5+ 22.
Kf1 Rb4 $11) 21... Bg4 22. Qxb3 Bxe2 23. Nxe2 Qa5 24. Nf4 Be5 25. Nd3 Rb8 26.
Qa3 Bf6 27. b4 Qa7 28. Rac1 {To avoid Rc3} Be7 (28... g6 $142 29. a5 Be7) 29.
Qb3 Qa6 30. Ne5 Rcxb4 31. Qxd5 Rf8 32. Nc6 Rb7 33. Qc4 Qxc4 34. Nxe7+ Rxe7 35.
Rxc4 $18 {[%mdl 4096] Endgame KRR-KRR} Ra7 36. Ra1 Rb8 37. h4 g6 38. a5 Ra6 39.
Rc5 {Inhibits Rb5.} Rb2 40. h5 Kg7 41. hxg6 hxg6 42. Ra4 Rd2 43. g3 Rb2 44. Kg2
Rd2 45. Rc7 g5 46. Rc5 {Inhibits Rd5.} Rf6 47. Kh3 {[#] And now a6 would win.}
({Not} 47. Rxg5+ Kh6 48. Rg8 Kh7 $18) 47... Rfxf2 {aiming for ...f5.} 48. Kg4 {
Inhibits f5+. Threatens to win with a6.} Kh6 $2 (48... Rd7 49. Rxg5+ Kf6) 49.
a6 {White is clearly winning.} Ra2 50. Rxa2 Rxa2 {KR-KR} 51. Rc6+ Kg7 52. Kxg5
Ra3 53. Kf4 Kf8 54. e4 {[%cal Be3e4,Be4e5][%mdl 32]} Kg7 55. g4 {[%cal Bg3g4,
Bg4g5][%mdl 32]} Ra5 56. e5 Ra4+ 57. Kf5 Ra1 58. g5 Rf1+ 59. Ke4 Re1+ 60. Kd5
Rd1+ 61. Kc5 Re1 62. a7 Rxe5+ 63. Kb6 Re8 64. Kb7 {Weighted Error Value:
White=0.11 (very precise) /Black=0.22 (precise)} 1-0

[Event "Airthings Masters MCCT Prel 2022"]
[Site "Online"]
[Date "2022.02.13"]
[Round "10.6"]
[White "Esipenko, Andrey"]
[Black "Praggnanandhaa R"]
[Result "0-1"]
[WhiteElo "2714"]
[BlackElo "2612"]
[Annotator "TA"]
[PlyCount "84"]
[EventDate "2022.02.18"]
[EventType "tourn"]
[EventCountry "NET"]
[SourceTitle "playchess.com"]
[Source "ChessBase"]
[SourceQuality "1"]

{[%evp 11,84,22,18,14,39,51,45,32,44,29,67,62,79,60,73,74,66,52,74,78,72,72,72,
57,39,70,47,22,43,41,13,-22,-9,-135,-145,-137,-128,-130,-141,-140,-130,-149,
-137,-164,-172,-246,-245,-243,-155,-200,-195,-191,-181,-204,-204,-236,-231,
-381,-308,-296,-265,-317,-327,-333,-309,-296,-287,-654,-646,-2341,-921,-29989,
-29990,-29992,-29990]} 1. e4 c5 2. Nf3 Nc6 3. Bb5 g6 4. O-O Bg7 5. Re1 e5 6.
Bxc6 dxc6 7. a4 {[#] B31: Sicilian: 2...Nc6 3 Bb5 g6.} g5 $146 ({Predecessor:} 
7... a5 8. Na3 Qc7 9. Nc4 Be6 10. d3 h6 11. b3 Ne7 12. Bb2 Bxc4 13. bxc4 O-O
14. Ra3 Rae8 {0-1 (118) Jones,G (2702)-Le,Q (2704) Hengshui 2019}) 8. d3 g4 9.
Nfd2 {White is slightly better.} Be6 10. Nc4 Ne7 11. Be3 b6 $1 {[#]} 12. a5 $1
{aiming for axb6.} Rb8 13. axb6 axb6 14. Nbd2 Qc7 15. Rf1 Ng6 16. f3 h5 17. Qe1
O-O {[%cal Bh8f8,Bf8a8,Ba8a2,Ba2b2,Bb2c2][%mdl 32]} 18. fxg4 hxg4 19. Bg5 f6
20. Be3 Ra8 21. Qg3 b5 {[%cal Bb6b5,Bb5b4][%mdl 32]} 22. Rxa8 {White is now
going downhill.} (22. Bxc5 $11 {was the only way to keep the balance.} bxc4 23.
Bxf8 Rxa1 24. Rxa1 Nxf8 25. Nxc4) 22... Rxa8 $17 23. Na3 c4 $36 {[%mdl 2048]
Keeping White busy.} 24. dxc4 b4 25. Nab1 Ra2 26. Nb3 Rxb2 27. N1d2 Rxc2 {
[%cal Og6f4]} 28. Nc5 (28. Nd4 $142 Nf4 29. Qh4 Nh3+ 30. gxh3 exd4 31. Bf4)
28... Bc8 29. Qe1 Qd6 30. g3 {[#]} (30. Qd1 $17 Rc3 31. Ndb3 Qxd1 32. Rxd1)
30... Bf8 $1 $19 {[%cal Oc2d2] Strongly threatening ...Rxd2!} 31. Ncb3 Kg7 32.
Qf2 Be7 {Active counter play!} 33. Ra1 Be6 34. Bc5 (34. Qf1 $142) 34... Qd8 35.
Bxe7 Nxe7 (35... Qxe7 36. Ra7 Bd7 37. Qe3 $15) 36. Qc5 Bf7 (36... Rb2 37. Qxb4
Rc2 38. Qc5 $17 (38. Ra7 Kf7 $17)) 37. Qxb4 c5 38. Qa5 (38. Qxc5 Rxd2 39. Nxd2
Qxd2 $19) 38... Qd3 {Threatens to win with ...Qe3+.} ({Less strong is} 38...
Qh8 39. Qc7 Qe8 40. Qd6 $16) 39. Rf1 $2 (39. Qxc5 Rxd2 40. Nxd2 Qxd2 41. Rf1)
39... Qe3+ ({Inferior is} 39... Qe2 40. Qxc5 Ng8 41. Rf2 Qe1+ 42. Rf1 $11) 40.
Kh1 Bxc4 ({Weaker is} 40... Qe2 41. Qxc5 Ng6 42. Rf2 Qe1+ 43. Rf1 $11) (40...
Bg6 $142 41. Qa8 Rb2) 41. Qd8 Kf7 42. Ra1 Bxb3 {Weighted Error Value: White=0.
60/Black=0.22 (precise)} 0-1

[Event "Airthings Masters MCCT Prel 2022"]
[Site "Online"]
[Date "2022.02.13"]
[Round "10.7"]
[White "Nepomniachtchi, Ian"]
[Black "Niemann, Hans Moke"]
[Result "1-0"]
[WhiteElo "2773"]
[BlackElo "2642"]
[Annotator "TA"]
[PlyCount "67"]
[EventDate "2022.02.18"]
[EventType "tourn"]
[EventCountry "NET"]
[SourceTitle "playchess.com"]
[Source "ChessBase"]
[SourceQuality "1"]

{[%evp 9,67,3,23,21,12,1,25,19,95,94,87,89,85,81,119,89,89,31,127,118,157,146,
145,113,192,193,187,173,175,168,240,259,254,248,258,229,302,301,246,216,210,
203,312,187,170,172,347,277,247,244,472,458,448,455,557,548,546,529,513,505]} 
1. e4 e5 2. Nf3 Nc6 3. Bc4 Nf6 4. d3 h6 5. Nc3 d6 6. d4 {C55: Two Knights: 4
d3, 4 d4 exd4 5 e5 and Max Lange Attack.} Bg4 7. Bb5 {And now d5 would win.}
exd4 8. Qxd4 {[#] White has an edge.} Qd7 $146 {[#]} (8... Nd7 $11 9. Qa4 Nb6
10. Bxc6+ bxc6 11. Qxc6+ Bd7) ({Predecessor:} 8... Bxf3 9. gxf3 a6 10. Bxc6+
bxc6 11. Rg1 g6 12. f4 Bg7 13. Qc4 Qd7 14. Be3 O-O 15. Rxg6 {1-0 (29) Ozates,T
(2217)-Terletsky,O (2154) Chess.com INT 2022}) 9. Qa4 $1 $16 Bxf3 10. gxf3 a6
11. Be3 Rd8 12. Bxc6 (12. Be2 {feels hotter.} d5 13. Nxd5 Nxd5 14. O-O-O Qe6
15. exd5 Rxd5 16. Rxd5 Qxd5 17. Rd1) 12... Qxc6 13. Qb3 ({White should try} 13.
Qa5 $16) 13... Be7 (13... d5 $14 14. O-O-O dxe4) 14. Rg1 g6 15. O-O-O b5 16.
Bd4 {White is more active.} Rf8 (16... Qc4 $16) 17. Bxf6 Bxf6 {[#]} 18. Nd5 $36
{[%mdl 2048] Keeping Black busy.} Bh8 19. f4 Qc4 (19... Qc5 $142 20. e5 dxe5)
20. Qxc4 $18 bxc4 21. Nxc7+ Kd7 22. Nxa6 c3 23. b4 {[%cal Bb2b4,Bb4b5,Bb5b6,
Bb6b7][%mdl 32]} Kc6 24. a4 {Threatens to win with Kb1.} Kb6 25. b5 d5 (25...
Ka5 $142 26. Kb1 d5) 26. Rxd5 ({Less strong is} 26. exd5 Rc8 27. d6 Rc4 $14) (
26. e5 $142) 26... Rxd5 27. exd5 {[%mdl 4096] Endgame Strongly threatening Rd1.
KRB-KRN} Ka5 $2 (27... Rc8) 28. Re1 Kxa4 29. Nc7 Rd8 (29... Ka5 30. d6 Rd8) 30.
b6 {Hoping for Re8. White is clearly winning.} Ka5 31. b7 {Black must now
prevent Re8.} Rb8 32. Re8 Rxb7 33. d6 ({Not} 33. Rxh8 Rxc7 34. Rxh6 Re7 $14)
33... Bf6 34. Ra8+ {Weighted Error Value: White=0.13 (very precise) /Black=0.50
} 1-0

[Event "Airthings Masters MCCT Prel 2022"]
[Site "Online"]
[Date "2022.02.13"]
[Round "10.8"]
[White "Kosteniuk, Alexandra"]
[Black "Keymer, Vincent"]
[Result "0-1"]
[WhiteElo "2516"]
[BlackElo "2664"]
[Annotator "TA"]
[PlyCount "88"]
[EventDate "2022.02.18"]
[EventType "tourn"]
[EventCountry "NET"]
[SourceTitle "playchess.com"]
[Source "ChessBase"]
[SourceQuality "1"]

{[%evp 9,87,18,18,19,28,0,0,5,0,0,0,0,0,0,0,2,0,0,0,0,0,-23,10,14,10,-7,-16,
-22,-14,-25,-16,-21,0,-23,0,0,0,0,0,0,0,0,0,0,0,-75,-35,-43,-16,-30,0,0,0,-3,0,
0,48,47,32,0,18,-14,0,-27,0,-5,0,-625,-623,-826,-859,-1008,-33,-39,-36,-12831,
-1048,-29998,-29999,-29999]} 1. e4 c5 2. Nf3 d6 3. Bb5+ Nd7 4. Ba4 Ngf6 5. O-O
e6 6. Re1 {B51: Sicilian: Moscow Variation (3 Bb5+) without 3...Bd7.} a6 {
Strongly threatening ...b5.} 7. c4 {Prevents b5.} Be7 8. Nc3 {The position is
equal.} O-O 9. d4 cxd4 $1 10. Nxd4 Ne5 $5 {[%mdl 4] Leaves trodden paths.} 11.
Qe2 Qc7 12. Bb3 $1 Re8 {[#]} 13. Kh1 $146 ({Predecessor:} 13. h3 Bd7 14. f4 Ng6
15. Qf3 e5 16. Nde2 exf4 17. Nxf4 Ne5 18. Qf2 Qc6 19. Ncd5 Nxd5 20. cxd5 {
½-½ (26) Cziko,E (2442)-Barclay,A (2422) ICCF email 2021}) 13... Bd7 14. f4
Nc6 15. Nf3 Rac8 16. e5 Ng4 17. Ng5 Bxg5 18. exd6 Qxd6 {[%cal Oe6e5]} 19. Ne4
Qc7 20. Nxg5 e5 21. c5 Nh6 22. Qh5 {[%cal Rg5f7]} Bg4 23. Qh4 Nd4 24. Nxf7 Nxf7
{Pair of Knights!} 25. Qxg4 Nxb3 26. axb3 Qxc5 27. f5 (27. Bd2 $11) 27... Qb6
28. b4 Qf6 29. Qe4 Nd6 30. Qd5+ Kh8 31. Bd2 Rcd8 32. Bc3 {[%cal Rc3e5]} Nxf5 (
32... h5 $11) 33. Qxb7 $14 Re6 34. Rf1 {Qe4 is the strong threat.} Qg6 35. Rfd1
Rde8 {[%cal Of5g3]} 36. Rd7 h6 37. Kg1 Rf6 {And now ...Nh4 would win.} 38. Re1
$2 {[%mdl 8192]} (38. Qe4 $11) 38... Nh4 $1 $19 {Hoping for ...Nf3+.} 39. Kh1
Ref8 40. Rdd1 Rf2 $2 (40... R6f7 $1 $19 {[%cal Rf7b7]} 41. Qd5 Rd7 $3 {[%mdl
512]}) 41. Rg1 $1 $15 ({Not} 41. Bxe5 $2 R2f7 42. Bxg7+ (42. Qd5 $2 Rd7 $19)
42... Kh7 43. Bxf8 Rxb7 $19) 41... Qh5 $40 {[%cal Oh5d1][%mdl 128] ( -> ...
Qxd1!). Black has some attack.} 42. Qe4 $2 {[%mdl 8192] [#]} (42. Qe7 $15)
42... Nf3 $1 {[%mdl 512]} 43. h3 {[#]} (43. Bxe5 Nxe5) 43... Qxh3+ $1 {[%mdl
512]} 44. gxh3 Rh2# {Weighted Error Value: White=0.62/Black=0.46} 0-1

[Event "Airthings Masters MCCT Prel 2022"]
[Site "Online"]
[Date "2022.02.13"]
[Round "11.1"]
[White "Keymer, Vincent"]
[Black "Artemiev, Vladislav"]
[Result "0-1"]
[WhiteElo "2664"]
[BlackElo "2700"]
[Annotator "TA"]
[PlyCount "102"]
[EventDate "2022.02.18"]
[EventType "tourn"]
[EventCountry "NET"]
[SourceTitle "playchess.com"]
[Source "ChessBase"]
[SourceQuality "1"]

{[%evp 13,102,26,31,19,19,22,22,22,14,2,19,-23,27,35,60,52,53,5,61,50,45,47,43,
77,79,72,71,79,70,0,0,0,0,-22,-8,-26,-28,-29,0,-104,-107,-82,-69,-117,-106,
-138,-133,-206,-206,-219,-220,-224,-223,-331,-326,-329,-316,-334,-333,-332,
-322,-333,-325,-337,-337,-397,-354,-387,-391,-397,-393,-462,-454,-470,-406,
-609,-588,-802,-767,-897,-847,-813,-806,-739,-695,-626,-631,-616,-597,-963,
-897]} 1. d4 d5 2. c4 c6 3. Nf3 Nf6 4. e3 Bf5 5. Nc3 e6 6. Nh4 Bg6 7. Nxg6 hxg6
8. Bd2 {D12: Slav Defence: 3 Nf3 Nf6 4 e3 Bf5.} Nbd7 9. Qb3 Qc7 10. cxd5 {
The position is equal.} exd5 11. O-O-O a5 {[%cal Oa5a4] 11...Ng4 is the recent
fashion.} 12. Qc2 {[#]} (12. h4 $142) 12... Bb4 $146 (12... Rxh2 $142 13. Rxh2
Qxh2) ({Predecessor:} 12... Rxh2 13. Rxh2 Qxh2 14. a3 Be7 15. Kb1 Nb6 16. f3
Nc4 17. Bc1 b5 18. e4 b4 {½-½ (85) Keymer,V (2664)-Dubov,D (2720) Berlin 2022
}) 13. h4 $11 Nf8 {[%cal Og6g5]} 14. f3 Ne6 15. Bd3 (15. Kb1 $14) 15... c5 (
15... O-O $1 $11) 16. dxc5 Qxc5 17. Kb1 O-O $1 18. a3 Rfc8 {[%cal Od5d4]} 19.
Qb3 (19. axb4 axb4 20. Rc1 Qd6 $17) 19... Bxc3 20. Bxc3 Qxe3 21. Rhe1 (21. Bxf6
$14 gxf6 22. Bc4 Qxb3 23. Bxb3) 21... Qf4 $1 22. Be5 {A strong pair of Bishops.
} Qxh4 23. Bb5 Qf2 24. Re2 Qb6 25. a4 {[#]} Nd7 $1 26. Bg3 (26. Qxd5 $11 {
keeps the balance.} Nxe5 27. Qxe5) (26. Rxd5 Rd8) 26... Ndc5 $17 27. Qa3 d4 28.
Rc2 (28. Be5 $15 {feels stronger.}) 28... Rd8 29. Bf2 Qd6 30. Bc4 (30. Bxd4 $17
{might work better.} b6 31. Rcd2) 30... b6 $19 31. Rcd2 Qe5 32. g4 Qf4 33. Bb5
(33. Bg1 {was called for.}) 33... d3 34. Bxd3 Rd5 {[#] Strongly threatening ...
Rad8.} (34... Nxa4 $2 35. Be1 Nac5 36. Be2 $19) (34... Qxa4 35. Qxa4 Nxa4 36.
Bc4 $15) (34... Qxf3 35. Bc2 Qc6 36. Bxc5 Rxd2 37. Rxd2 Qxc5 38. Qf3 $17) 35.
Be1 {[%cal Od3e4]} Rad8 {And now ...Ng5 would win.} ({Not} 35... Rxd3 $2 36.
Rxd3 Nxd3 37. Qxd3 $19) (35... Qxa4 36. Qxa4 Nxa4 37. Be2 Rxd2 38. Rxd2 $15) (
35... Qxf3 $2 36. Bc2 Qxa3 37. bxa3 $19) 36. Qc3 Qxf3 ({Avoid the trap} 36...
Rxd3 $2 37. Rxd3 Nxd3 38. Rxd3 $19) ({Weaker is} 36... Qxa4 37. Bc2 Qc6 38. Qe3
$19) 37. Bc2 Qxc3 38. bxc3 Rxd2 39. Rxd2 Rxd2 40. Bxd2 {[%mdl 4096] Endgame
KBB-KNN} Kf8 41. Kc1 Ke7 42. Kd1 Kd6 43. Ke2 Kd5 {White must now prevent ...
Kc4.} 44. Kf3 (44. Be1 $142) 44... g5 {Black is clearly winning.} 45. Bd1 Kc4 {
aiming for ...Kd3.} 46. Ke3 Nf4 47. Kf3 Kd3 48. Be1 Nd7 49. Bb3 Ne5+ 50. Kg3
Ne2+ 51. Kh3 Ke3 {Weighted Error Value: White=0.32/Black=0.07 (flawless)} 0-1

[Event "Airthings Masters MCCT Prel 2022"]
[Site "Online"]
[Date "2022.02.13"]
[Round "11.2"]
[White "Niemann, Hans Moke"]
[Black "Kosteniuk, Alexandra"]
[Result "1-0"]
[WhiteElo "2642"]
[BlackElo "2516"]
[Annotator "TA"]
[PlyCount "95"]
[EventDate "2022.02.18"]
[EventType "tourn"]
[EventCountry "NET"]
[SourceTitle "playchess.com"]
[Source "ChessBase"]
[SourceQuality "1"]

{[%evp 9,95,-9,-10,-4,0,0,0,-14,6,0,29,20,53,28,20,45,74,79,75,83,87,82,117,
114,197,193,187,185,187,199,209,195,217,204,241,228,244,193,217,218,217,195,
249,198,231,228,244,240,279,241,317,308,300,295,346,315,432,305,422,406,383,
379,727,725,688,698,768,770,764,763,1022,1038,1007,983,1184,744,871,852,1065,
1044,29969,29970,29956,29965,29963,29965,29997,29998]} 1. d4 Nf6 2. Nc3 d5 3.
Bf4 c5 4. e4 Nxe4 5. Nxe4 dxe4 6. dxc5 {D00: 1 d4 d5: Unusual lines.} Qxd1+ 7.
Rxd1 {Bxb8 is the strong threat.} Nc6 {[#]} 8. c3 $146 {The position is equal.}
({Predecessor:} 8. Be3 e5 9. Bc4 f5 10. g3 f4 11. gxf4 exf4 12. Bxf4 Bxc5 13.
Ne2 Bg4 14. Rg1 {1-0 (24) Niemann,H (2642)-Hasangatin,R (2479) Chess.com INT
2022}) 8... g6 9. Bc4 Bg7 10. Ne2 O-O 11. Ng3 Bg4 12. Rd2 Na5 13. Bd5 {White
is more active. Black is now going downhill.} e6 14. Bxe4 e5 15. Bg5 Rfe8 16.
Bd5 Be6 {[#]} (16... e4 $16) 17. Ne4 $1 $18 Bxd5 18. Rxd5 Re6 19. Ke2 h6 20.
Bc1 f5 21. Nd6 Rb8 22. Rhd1 Nc6 23. f3 Ne7 24. R5d3 Bf8 25. Be3 Nc6 (25... b6
$142 26. cxb6 axb6) 26. Rd5 Ne7 27. R5d2 Nc6 28. g4 Ne7 29. gxf5 gxf5 30. Rg1+
Kh7 31. Nc4 f4 {[#]} 32. Bf2 (32. Rd6 Rxd6 33. cxd6 Nc6 $16) 32... e4 33. Rd6
exf3+ 34. Kxf3 Rxd6 35. cxd6 ({Less strong is} 35. Nxd6 Ng6 36. Re1 b6 37. cxb6
axb6 $18) 35... Ng6 $2 (35... Nc6 36. a4 (36. Kxf4 b5 $14) 36... Bg7) 36. Bxa7
Ra8 37. Bb6 Rxa2 38. d7 Be7 39. Re1 {[%cal Oe1e7]} Bg5 40. Re8 Ra4 41. b3 Ra2
42. d8=Q {Intending Qd7+ and mate.} Bxd8 43. Rxd8 Rxh2 44. Bd4 {Black must now
prevent Rd7+.} h5 45. Rd7+ {White mates.} Kh6 46. Bg7+ Kg5 47. Rd5+ Kh4 48.
Bf6+ {Weighted Error Value: White=0.11 (very precise) /Black=0.43} 1-0